000 00519nas a22001937a 4500
999 _c81600
_d81600
003 NALT
005 20210325214945.0
008 181213b th ||||| |||| 00| 0 tha d
022 _a0858192X
040 _aNALT
041 0 _atha
245 1 0 _aผู้ส่งออก
260 3 _bสำนักข่าวพาณิชย์
310 _aรายปักษ์
500 _aหยุดผลิตตัวเล่ม
850 _aNALT
942 _cJNR
_2lcc
998 _d2007-12-04 16:47:30.763